| 000 | 00794nam a2200229 a 4500 | ||
|---|---|---|---|
| 001 | 52397 | ||
| 003 | BD-RjUL | ||
| 005 | 20211209075811.0 | ||
| 008 | 160920s1981 ii ||||| |||| 00| 0 ben d | ||
| 035 | _a(BD-RjUL)52517 | ||
| 040 |
_aBD-RjUL _bben _cBD-RjUL _dBD-RjUL |
||
| 041 | _aben | ||
| 082 |
_223 _a491.44 _bGHB 1981 |
||
| 100 |
_aঘোষ, মণীন্দ্রকুমার _9156769 |
||
| 245 | 1 | 0 |
_aবাংলা বানান / _cমণীন্দ্রকুমার ঘোষ |
| 250 | _a১ম দেজ সং. | ||
| 260 |
_aকলিকাতা : _bদেজ পাবলিশিং, _c১৯৮১ |
||
| 300 |
_a১৮৭ পৃ. ; _c২৩ সেমি. |
||
| 650 |
_aবাংলা ভাষা _9156770 |
||
| 650 |
_aBengali language _9156771 |
||
| 942 |
_2ddc _cBK |
||
| 999 |
_c52397 _d52397 |
||